Medical device safety (رقم التسجيلة. 861)
[ عرض عادي ]
| 000 -الفاتح | |
|---|---|
| حقل البيانات ثابتة الطول | 01209cam a2200337 a 4500 |
| 001 - رقم الضبط | |
| رقم الضبط | 47150405 |
| 003 - محدد رقم الضبط | |
| رقم الضبط | OSt |
| 005 - وقت وتاريخ اخر تعامل مع التسجيلة | |
| رقم الضبط | 20150408113723.0 |
| 008 - عناصر البيانات ثابتة الطول - معلومات عامة | |
| حقل البيانات ثابتة الطول | 010608s2002 enka b 001 0 eng |
| 015 ## - رقم الببليوجرافية الوطنية | |
| رقم الببليوجرافية الوطنية | GBA1-X2550 |
| 020 ## - الرقم الدولى المعيارى للكتب | |
| الرقم الدولى المعيارى للكتاب | 0750307684 |
| 040 ## - مصدر الفهرسة | |
| وكالة الفهرسة الأصلية | NLM |
| وكالة النسخ | NLM |
| وكالة التعديل | UKM |
| -- | TXH |
| 042 ## - رمز التحقق | |
| رمز التحقق | nlmcopyc |
| 060 00 - رقم الطلب بالمكتبة الطبية الوطنية | |
| رقم التصنيف | 2002 A-549 |
| 060 10 - رقم الطلب بالمكتبة الطبية الوطنية | |
| رقم التصنيف | W 26 |
| رقم المادة | H634m 2002 |
| 082 04 - رقم تصنيف ديوى العشرى | |
| رقم التصنيف | 610.28 |
| رقم الطبعة | 21 |
| 092 ## - رقم استدعاء ديوى المحلى | |
| رقم التصنيف | R856.6 |
| رقم المادة | .H54 2002 |
| 100 1# - المدخل الرئيسى - إسم شخصى | |
| الإسم الشخصى | Higson, Gordon R., |
| التواريخ المصاحبة للاسم | 1932-2001. |
| 9 (RLIN) | 5040 |
| 245 10 - بيان العنوان | |
| العنوان | Medical device safety |
| بقية العنوان | the regulation of medical devices for public health and safety / |
| بيان المسئوليه,etc | Gordon R. Higson.30 |
| 246 ## - العنوان الموازى | |
| عنوان صحيح/عنوان مختصر | Regulation of medical devices for public health and safety. |
| 260 ## - PUBLICATION, DISTRIBUTION, ETC. (IMPRINT) | |
| مكان الناشر او الموزع | Bristol, UK ; |
| -- | Philadelphia, PA |
| اسم الناشر او الموزع | Institute of Physics Pub., |
| تاريخ النشر أو التوزيع | c2002. |
| 300 ## - الوصف المادى | |
| تفاصيل ماديه اخرى للوعاء | ill. ; |
| أبعاد الوعاء | 24 cm. |
| التعداد | In |
| 504 ## - تبصرة ببليوجرافية | |
| تبصرة ببليوجرافية,الخ | Eq |
| 650 ## - المدخل الاضافى بالموضوع-مصطلح موضوعى | |
| مصطلح موضوعي أو اسم جغرافي كعنصر مدخل | Equipment Safety |
| التقسيم الفرعي العام | standards.12 |
| 9 (RLIN) | 5041 |
| 650 ## - المدخل الاضافى بالموضوع-مصطلح موضوعى | |
| مصطلح موضوعي أو اسم جغرافي كعنصر مدخل | Equipment and Supplies |
| التقسيم الفرعي العام | standards.22 |
| 9 (RLIN) | 5042 |
| 650 ## - المدخل الاضافى بالموضوع-مصطلح موضوعى | |
| مصطلح موضوعي أو اسم جغرافي كعنصر مدخل | Device Approval |
| التقسيم الفرعي العام | standards.22 |
| 9 (RLIN) | 5043 |
| 650 ## - المدخل الاضافى بالموضوع-مصطلح موضوعى | |
| مصطلح موضوعي أو اسم جغرافي كعنصر مدخل | Product Surveillance, Postmarketing |
| 9 (RLIN) | 5044 |
| 650 ## - المدخل الاضافى بالموضوع-مصطلح موضوعى | |
| مصطلح موضوعي أو اسم جغرافي كعنصر مدخل | Medical instruments and apparatus |
| التقسيم الفرعي العام | Standards. 0 |
| 9 (RLIN) | 5045 |
| 650 ## - المدخل الاضافى بالموضوع-مصطلح موضوعى | |
| مصطلح موضوعي أو اسم جغرافي كعنصر مدخل | Medical instruments and apparatus |
| التقسيم الفرعي العام | Law and legislation.\\ |
| 9 (RLIN) | 5046 |
| 942 ## - عناصر المدخل الإضافي( كوها) | |
| مصدر التصنيف او مخطط الترفيف | Dewey Decimal Classification |
| Koha [default] item type | DVD |
| حالة الفقد | نموذج السعر الفعال | حالة تلف | ليس للاعارة | رقم الطلب | تاريخ الاكتساب | الموقع الحالي | الباركود | الفرع الرئيسي | Date last seen | نوع المادة فى نظام كوها | مصدر التصنيف او خطة الترفيف | Total Checkouts |
|---|---|---|---|---|---|---|---|---|---|---|---|---|
| 2013-03-10 | 610.28 H G M | 2011-09-29 | المكتبة المركزية بالمجمعة (CL) | 00047970 | المكتبة المركزية بالمجمعة (CL) | 2013-03-10 | كتاب | Dewey Decimal Classification | ||||
| 2013-03-10 | 610.28 H G M | 2011-09-29 | المكتبة المركزية بالمجمعة (CL) | 00047974 | المكتبة المركزية بالمجمعة (CL) | 2013-03-10 | كتاب | Dewey Decimal Classification | ||||
| 2013-03-10 | 610.28 H G M | 2011-09-29 | المكتبة المركزية بالمجمعة (CL) | 00047973 | المكتبة المركزية بالمجمعة (CL) | 2013-03-10 | كتاب | Dewey Decimal Classification |
